<?xml version='1.0' encoding='UTF-8'?>
  <record xmlns="http://www.loc.gov/MARC21/slim">
    <leader>00000ctc a2200000 i 4500</leader>
    <controlfield tag="001">ocn951387068</controlfield>
    <controlfield tag="003">OCoLC</controlfield>
    <controlfield tag="005">20240202180208.2</controlfield>
    <controlfield tag="008">160508i19441945xx o          000 0 dut d</controlfield>
    <datafield tag="040" ind1=" " ind2=" ">
      <subfield code="a">QGJ</subfield>
      <subfield code="b">eng</subfield>
      <subfield code="e">rda</subfield>
      <subfield code="c">QGJ</subfield>
      <subfield code="d">OCLCO</subfield>
      <subfield code="d">OCLCQ</subfield>
      <subfield code="d">OCLCL</subfield>
    </datafield>
    <datafield tag="035" ind1=" " ind2=" ">
      <subfield code="a">(OCoLC)951387068</subfield>
    </datafield>
    <datafield tag="100" ind1="1" ind2=" ">
      <subfield code="a">Hoekendijk, Johannes Christiaan,</subfield>
      <subfield code="e">author.</subfield>
    </datafield>
    <datafield tag="245" ind1="1" ind2="0">
      <subfield code="a">Logbook /</subfield>
      <subfield code="c">Johannes Christiaan Hoekendijk.</subfield>
    </datafield>
    <datafield tag="246" ind1="3" ind2=" ">
      <subfield code="a">Dagboeken Hoekendijk</subfield>
    </datafield>
    <datafield tag="246" ind1="3" ind2=" ">
      <subfield code="a">Diaries Hoekendijk</subfield>
    </datafield>
    <datafield tag="264" ind1=" " ind2="0">
      <subfield code="a">[Place of production not identified],</subfield>
      <subfield code="c">1944-1945.</subfield>
    </datafield>
    <datafield tag="300" ind1=" " ind2=" ">
      <subfield code="a">3 volumes :</subfield>
      <subfield code="b">photographs ;</subfield>
      <subfield code="c">220 x 17 mm +</subfield>
      <subfield code="e">supplements</subfield>
    </datafield>
    <datafield tag="336" ind1=" " ind2=" ">
      <subfield code="a">text</subfield>
      <subfield code="b">txt</subfield>
      <subfield code="2">rdacontent</subfield>
    </datafield>
    <datafield tag="337" ind1=" " ind2=" ">
      <subfield code="a">unmediated</subfield>
      <subfield code="b">n</subfield>
      <subfield code="2">rdamedia</subfield>
    </datafield>
    <datafield tag="338" ind1=" " ind2=" ">
      <subfield code="a">volume</subfield>
      <subfield code="b">nc</subfield>
      <subfield code="2">rdacarrier</subfield>
    </datafield>
    <datafield tag="520" ind1="2" ind2=" ">
      <subfield code="a">1 box, containing 5 portfolios.</subfield>
    </datafield>
    <datafield tag="520" ind1="2" ind2=" ">
      <subfield code="a">Portfolio I: notebook (I) with red cover, 155 pages, paged by the author 19-174. With 14 supplements: loose sheets that were kept between the pages of the notebook. Contains notes from April 29, 1944 to September 3, 1944.</subfield>
    </datafield>
    <datafield tag="520" ind1="2" ind2=" ">
      <subfield code="a">Portfolio II: notebook (II) with red cover, 142 pages, paged by the author 3-140, pages 1-2 and 141-142 unnumbered. With 29 supplements. Contains notes from September 4, 1944 to December 4, 1944. Last supplement is dated: December 29, 1944.</subfield>
    </datafield>
    <datafield tag="520" ind1="2" ind2=" ">
      <subfield code="a">Portfolio IIIa: notebook (III): ring binder with black cover, 198 pages, text partly handwritten and partly typewritten. Contents: Miscellaneous -- "Logbook" February 22, 1944 to April 27, 1944, typewritten, contains the flight to Switzerland and the first few months over there. -- Miscellaneous -- Notes from 1945, typewritten, numbered A1-A8 -- Notes from February 15, 1945 to October 17, 1945 -- Notes "America"--MMiscellaneous</subfield>
    </datafield>
    <datafield tag="520" ind1="2" ind2=" ">
      <subfield code="a">Portfolio IIIb: 5 envelopes containing supplements from ring binder.</subfield>
    </datafield>
    <datafield tag="520" ind1="2" ind2=" ">
      <subfield code="a">Portfolio IV: 20 black and white photos; 2 sheets containing documentation.</subfield>
    </datafield>
    <datafield tag="524" ind1="8" ind2=" ">
      <subfield code="a">Cite as: Universiteitsbibliotheek Utrecht Hs 31 A 49</subfield>
    </datafield>
    <datafield tag="541" ind1="1" ind2=" ">
      <subfield code="a">Libertus Arend Hoedemaker;</subfield>
      <subfield code="c">Gift;</subfield>
      <subfield code="d">20160531.</subfield>
    </datafield>
    <datafield tag="561" ind1=" " ind2=" ">
      <subfield code="a">Cecilia Irvine, a confidante of Hoekendijk, asked Lucy MacIlvaine to consign the diaries to Pablo Stadler (=Prof. dr. Anton Paul Stadler) on June 29, 1976. Mr. Stadler handed them over to Prof. L.A. Hoedemaker, January 2016.</subfield>
    </datafield>
    <datafield tag="600" ind1="1" ind2="4">
      <subfield code="a">Hoekendijk, Johannes Christiaan.</subfield>
    </datafield>
    <datafield tag="700" ind1="1" ind2=" ">
      <subfield code="a">Hoekendijk, Johannes Christiaan,</subfield>
      <subfield code="e">former owner.</subfield>
    </datafield>
    <datafield tag="700" ind1="1" ind2=" ">
      <subfield code="a">Stadler, Anton Paul,</subfield>
      <subfield code="d">1941-</subfield>
      <subfield code="e">former owner.</subfield>
      <subfield code="1">https://id.oclc.org/worldcat/entity/E39PCjv7PX9chBpj7jVpyKwjYP</subfield>
    </datafield>
    <datafield tag="700" ind1="1" ind2=" ">
      <subfield code="a">Hoedemaker, L. A.,</subfield>
      <subfield code="e">former owner.</subfield>
    </datafield>
    <datafield tag="758" ind1=" " ind2=" ">
      <subfield code="i">has work:</subfield>
      <subfield code="a">Logbook (Text)</subfield>
      <subfield code="1">https://id.oclc.org/worldcat/entity/E39PCGbXPcRgr68TmhdC7cMmJP</subfield>
      <subfield code="4">https://id.oclc.org/worldcat/ontology/hasWork</subfield>
    </datafield>
  </record>